| 000 | 00409nam a22001697a 4500 | ||
|---|---|---|---|
| 003 | NUST - PNEC | ||
| 005 | 20170116180920.0 | ||
| 008 | 150904b xxu||||| |||| 00| 0 eng d | ||
| 020 | _a0879422092 | ||
| 040 | _cLIBRARY | ||
| 082 | _a620.25 LEE | ||
| 100 |
_97721 _aLee, Hua |
||
| 245 |
_aModern acoustical imaging _cHua Lee |
||
| 260 | _cc.1986 | ||
| 650 |
_97724 _aAcoustic Imaging _xEE |
||
| 942 |
_2ddc _cBK |
||
| 999 |
_c65594 _d65594 |
||